History of Northern Areas of Pakistan : (Record no. 330744)
[ view plain ]
| 000 -LEADER | |
|---|---|
| fixed length control field | 01056cam a2200301 a 4500 |
| 001 - CONTROL NUMBER | |
| control field | 12518163 |
| 003 - CONTROL NUMBER IDENTIFIER | |
| control field | NUST |
| 005 - DATE AND TIME OF LATEST TRANSACTION | |
| control field | 20180116122433.0 |
| 008 - FIXED-LENGTH DATA ELEMENTS--GENERAL INFORMATION | |
| fixed length control field | 010716s2001 pk ab 001 0 eng |
| 010 ## - LIBRARY OF CONGRESS CONTROL NUMBER | |
| LC control number | 2001288025 |
| 020 ## - INTERNATIONAL STANDARD BOOK NUMBER | |
| International Standard Book Number | 9693512316 |
| 025 ## - OVERSEAS ACQUISITION NUMBER | |
| Overseas acquisition number | P-E-2001288025; 07; 12 |
| 035 ## - SYSTEM CONTROL NUMBER | |
| System control number | (DLC) 200128802 |
| 040 ## - CATALOGING SOURCE | |
| Original cataloging agency | DLC |
| Transcribing agency | DLC |
| Modifying agency | DLC |
| 042 ## - AUTHENTICATION CODE | |
| Authentication code | lcode |
| 043 ## - GEOGRAPHIC AREA CODE | |
| Geographic area code | a-pk--- |
| 050 00 - LIBRARY OF CONGRESS CALL NUMBER | |
| Classification number | DS392.N68 |
| Item number | D36 2001 |
| 082 ## - DEWEY DECIMAL CLASSIFICATION NUMBER | |
| Classification number | 954.9122 |
| Author Mark | DAN |
| 100 1# - MAIN ENTRY--PERSONAL NAME | |
| Personal name | Dani, Ahmad Hasan. |
| 9 (RLIN) | 3723 |
| 245 10 - TITLE STATEMENT | |
| Title | History of Northern Areas of Pakistan : |
| Remainder of title | upto 2000 A.D. / |
| Statement of responsibility, etc. | Ahmad Hasan Dani. |
| 250 ## - EDITION STATEMENT | |
| Edition statement | Rev. 1st ed. [i.e. 3rd ed.] |
| 260 ## - PUBLICATION, DISTRIBUTION, ETC. | |
| Place of publication, distribution, etc. | Lahore : |
| Name of publisher, distributor, etc. | Sang-e-Meel Publcations, |
| Date of publication, distribution, etc. | 2001. |
| 300 ## - PHYSICAL DESCRIPTION | |
| Extent | 476, 63 p. : |
| Other physical details | ill. some col., maps ; |
| Dimensions | 25 cm. |
| 504 ## - BIBLIOGRAPHY, ETC. NOTE | |
| Bibliography, etc. note | Includes bibliographical references (p. [436]-454) and index. |
| 651 #0 - SUBJECT ADDED ENTRY--GEOGRAPHIC NAME | |
| Geographic name | Northern Areas (Pakistan) |
| General subdivision | History. |
| 9 (RLIN) | 3725 |
| 906 ## - LOCAL DATA ELEMENT F, LDF (RLIN) | |
| a | 7 |
| b | cbc |
| c | origode |
| d | 3 |
| e | ncip |
| f | 20 |
| g | y-gencatlg |
| 942 ## - ADDED ENTRY ELEMENTS (KOHA) | |
| Source of classification or shelving scheme | |
| Koha item type | Book |
| Withdrawn status | Lost status | Source of classification or shelving scheme | Damaged status | Not for loan | Permanent Location | Current Location | Shelving location | Date acquired | Total Checkouts | Total Renewals | Full call number | Barcode | Date last seen | Date last checked out | Copy number | Price effective from | Koha item type |
|---|---|---|---|---|---|---|---|---|---|---|---|---|---|---|---|---|---|
| Central Library (CL) | Central Library (CL) | Book Cart | 08/03/2017 | 3 | 1 | 954.9122 HAS | CL2943 | 10/06/2025 | 08/01/2024 | 1 | 08/03/2017 | Book |
